[Event "POL-ch U16 Girls"]
[Site "Wisla"]
[Date "2000.??.??"]
[Round "6"]
[White "Kania, Anna"]
[Black "Lapinska, Malgorzata"]
[Result "1-0"]
[WhiteElo "1600"]
[BlackElo "1600"]
[PlyCount "43"]
[EventDate "2000.02.26"]
[EventType "swiss"]
[EventRounds "11"]
[EventCountry "POL"]
[SourceTitle "EXT 2005"]
[Source "ChessBase"]
[SourceDate "2004.11.15"]
[SourceVersion "1"]
[SourceVersionDate "2004.11.15"]
[SourceQuality "1"]

1. e4 c5 2. Nf3 Nc6 3. d4 cxd4 4. Nxd4 Nf6 5. Nc3 e5 6. Ndb5 d6 7. Bg5 a6 8. Bxf6 gxf6 9. Na3 b5 10. Nd5 Bg7 11. c3 f5 12. Bd3 f4 13. Nc2 0-0 14. g3 f5 15. Qh5 f3 16. 0-0-0 Be6 17. Nce3 fxe4 18. Bxe4 h6 19. Qg6 Re8 20. Bxf3 Rc8 21. Ng4 Bf7 22. Nxh6+ 1-0

[Event "POL-ch U16 Girls"]
[Site "Wisla"]
[Date "2000.??.??"]
[Round "8"]
[White "Kania, Anna"]
[Black "Slezak, Agnieszka"]
[Result "1-0"]
[WhiteElo "1600"]
[BlackElo "1800"]
[PlyCount "31"]
[EventDate "2000.02.26"]
[EventType "swiss"]
[EventRounds "11"]
[EventCountry "POL"]
[SourceTitle "EXT 2005"]
[Source "ChessBase"]
[SourceDate "2004.11.15"]
[SourceVersion "1"]
[SourceVersionDate "2004.11.15"]
[SourceQuality "1"]

1. e4 e6 2. d4 d5 3. exd5 exd5 4. Bd3 Bd6 5. Nf3 Ne7 6. 0-0 0-0 7. Bg5 f6 8. Bh4 Bf5 9. Nc3 c6 10. Ne2 Qd7 11. Bg3 a5 12. Re1 Na6 13. Bxd6 Qxd6 14. Ng3 Nb4 15. Nxf5 Nxf5 16. Bxf5 1-0